|
|
|
|
| LEADER |
00000nam a2200000 a 4500 |
| 001 |
vtls001339056 |
| 003 |
SK-MaSNL |
| 005 |
20260301221534.0 |
| 008 |
251113s1989 xr 0 cze |
| 035 |
|
|
|a SNK000292113
|
| 040 |
|
|
|a SNK
|b slo
|c SNK
|e AACR2
|
| 041 |
0 |
|
|a cze
|
| 044 |
|
|
|a CZ
|
| 080 |
|
|
|a 631.82:546.3
|2 1981
|
| 100 |
1 |
|
|a Leontovyč, Ivan
|4 aut
|9 610021
|
| 245 |
1 |
|
|a Obsah těžkých kovů v průmyslových hnojivech
|b (studie VTR)
|c Ivan Leontovyč
|
| 260 |
|
|
|a Praha
|b ÚVTIZ
|c 1989
|
| 300 |
|
|
|a 56 s.
|c 8°
|
| 490 |
1 |
|
|a Vědeckotechnický rozvoj v zemědělství
|v č. 6/89
|
| 500 |
|
|
|a Súbež. názov rus. a angl.
|
| 650 |
0 |
7 |
|a hnojivá priemyselné
|x kovy ťažké
|x štúdie
|2 SNK
|9 610022
|
| 830 |
|
0 |
|a Vědeckotechnický rozvoj v zemědělství
|9 291118
|
| 958 |
|
|
|a RK
|
| 958 |
|
|
|a OND
|
| 999 |
|
|
|c 936301
|d 938231
|
| 952 |
|
|
|t P60, <04>, [BOOK], {604}
|a SNK
|b SNK
|y VYP
|7 0
|o snkIC 113752
|i snkKIP 13665/89
|0 0
|1 0
|4 0
|d 1998-08-11
|l 0
|r 2005-01-02 00:00:00
|w 2026-02-24
|
| 952 |
|
|
|t P60, <04>, [BOOK], {604}
|a SNK
|b SNK
|y VYP
|7 0
|p 17A0688035
|o snkIC 113752 D1
|i snkKIP 13666/89
|0 0
|1 1
|4 0
|d 1998-08-11
|l 0
|r 2005-01-02 00:00:00
|w 2026-02-24
|